Statistics for My Dream NBA Lineup

Click here to take the quiz!

General Stats

  • This quiz has been taken 34 times
    (15 since last reset)
  • The average score is 8 of 13

Answer Stats

PositionHintAnswer% Correct
SF5-time NBA Champion,
2003-present
Lebron James
100%
SG6-time NBA Champion,
1984-2003
Micheal Jordan
100%
PG4-time NBA Champion,
2009-present
Stephen Curry
92%
C4-time NBA Champion,
1992-2011
Shaquille O'Neal
85%
PF5-time NBA Champion,
1996-2016
Kobe Bryant
69%
C2-time NBA Champion,
1958-1973
Wilt Chamberlain
69%
C11-time NBA Champion,
1956-1969
Bill Russell
62%
PF2011 NBA Champion,
1998-2019
Dirk Nowitzki
62%
PG2016-17 MVP,
2008-present
Russell Westbrook
62%
C6-time NBA Champion,
1969-1989
Kareem Abdul-Jabbar
54%
PF2021 NBA Champion,
2013-present
Giannis Antetokounmpo
46%
SF2015 NBA Champion,
2012-present
Harrison Barnes
8%
PGCurrent Point Guard for
the Washington Wizards,
2017-present
Monte Morris
8%

Score Distribution

Percentile by Number Answered

Percent of People with Each Score

Your Score History

You have not taken this quiz since the last reset